Methane and alkane conversion chemistry / (Record no. 1907)
[ view plain ]
| 000 -LEADER | |
|---|---|
| fixed length control field | 00779aac a22002051u 4500 |
| 090 ## - LOCALLY ASSIGNED LC-TYPE CALL NUMBER (OCLC); LOCAL CALL NUMBER (OCLC) | |
| -- | 1907 |
| 008 - FIXED-LENGTH DATA ELEMENTS--GENERAL INFORMATION | |
| fixed length control field | 081109t xxu||||| |||| 00| 0 eng d |
| 010 ## - LIBRARY OF CONGRESS CONTROL NUMBER | |
| LC control number | 95051190 |
| 020 ## - INTERNATIONAL STANDARD BOOK NUMBER | |
| International Standard Book Number | 030645212X |
| 082 00 - DEWEY DECIMAL CLASSIFICATION NUMBER | |
| Classification number | 661.814 |
| Item number | MET |
| 245 00 - TITLE STATEMENT | |
| Title | Methane and alkane conversion chemistry / |
| Statement of responsibility, etc | Madan M. Bhasin and D.W.Slocum. |
| 260 ## - PUBLICATION, DISTRIBUTION, ETC. (IMPRINT) | |
| Place of publication, distribution, etc | New York : |
| Name of publisher, distributor, etc | Plenum Press, |
| Date of publication, distribution, etc | c1995. |
| 300 ## - PHYSICAL DESCRIPTION | |
| Extent | ix, 349 p. : |
| Other physical details | ill. ; |
| Dimensions | 26 cm. |
| 500 ## - GENERAL NOTE | |
| General note | "Proceedings of American Chemical Society Symposium on Methane and Alkane Conversion Chemistry, held March 13-17, 1994, in San Diego, California"--T.p. verso. |
| 504 ## - BIBLIOGRAPHY, ETC. NOTE | |
| Bibliography, etc | Includes index. |
| 650 #0 - SUBJECT ADDED ENTRY--TOPICAL TERM | |
| Topical term or geographic name as entry element | Oxidation |
| General subdivision | Congresses. |
| 700 1# - ADDED ENTRY--PERSONAL NAME | |
| Personal name | Slocum, D. W. |
| Fuller form of name | (Donald Warren), |
| Dates associated with a name | 1933- |
| 9 (RLIN) | 987 |
| 700 1# - ADDED ENTRY--PERSONAL NAME | |
| Personal name | Bhasin, Madan M. |
| 9 (RLIN) | 40730 |
| 942 ## - ADDED ENTRY ELEMENTS (KOHA) | |
| Item type | Book - Borrowing |
| Call number prefix | 661.814MET |
| Source of classification or shelving scheme | Dewey Decimal Classification |
| Withdrawn status | Item status | Source of classification or shelving scheme | Damaged status | Not for loan | Home library | Current library | Shelving location | Date acquired | Source of acquisition | Total Checkouts | Full call number | Barcode | Date last seen | Cost, replacement price | Koha item type |
|---|---|---|---|---|---|---|---|---|---|---|---|---|---|---|---|
| Dewey Decimal Classification | Central Library | Central Library | First floor | 04/02/2007 | Purchase | 661.814 MET | 000002438 | 15/07/2025 | 484.00 | Book - Borrowing |